000 01338nas1a22003371i 4500
001 RU\NLR\BIBL_A\012023239
005 20260407092609.0
011 _a2658-6517
035 _a(NLR Aleph) 012023239
090 _a11512381
_c11512381
100 _a20190527a20199999|||y0rusy50 ca
101 0 _arus
102 _aRU
110 _aajuzz 0|y|
200 1 _aПраксис
_eнаучный журнал Московской духовной академии
207 0 _a2019, вып. 1 -
210 _aСергиев Посад
_cИзд-во Московской духовной академии
_d2019 -
510 1 _aPraxis
_zeng
606 1 _aХристианство
_jПериодические издания
_xИстория
_9892568
_3RU\NLR\AUTH\66323125
606 _aБогословие православное
_jПериодические издания
_91149609
_3RU\NLR\AUTH\66140438
686 2 _aЭ37-3я54
686 2 _aЭ372.24-4я54
711 0 2 _aМосковская духовная академия
_cСергиев Посад
_3RU\NLR\AUTH\8810050509
_9601157
852 _aNLR
_jП37/346
942 _cJOURNAL
980 _aRUSPER